000 00337 a2200097 4500
245 _aProfessional tax handbook 2006/2007
_hprint
650 _atax
005 20191017173439.0
260 _aenk
_bButterworths.
_c2006
084 _aKD5423.99 .B87
500 _a"Setting out the amended text of the Income Tax Acts, Corporation Tax Acts, and acts relating to Capital Gains."
999 _c10271
_d10271